000 00295nam a2200109Ia 4500
008 230320s9999||||xx |||||||||||||| ||spa||
082 _aR/372.2103/S21
100 _aDiagonal / Santillana
245 0 _aEnciclopedia De La Educación Preescolar / Diagonal
260 _bSantillana
942 _81
_cLIB
999 _c23274
_d23274